000
00249nam a22000977a 4500
008
131031b xxu||||| |||| 00| 0 eng d
020
_c
Available
082
_2
2nd Ed
245
_a
Topology
_c
Munkres, James R.
260
_a
Islamabad
_b
National Book Foundation
999
_c
23465
_d
23465